000 00499nam a22001697a 4500
005 20251108164258.0
008 250721s1993 xx 000 0 ara d
082 1 4 _a330.16/حسي
100 1 _aأمين، حسين
245 1 0 _aحواء و آدم و بستان الذهب :
_bالمال و طبيعة البشر /
264 1 _aالقاهره :
_bالمؤلف،
_c1993.
300 _a338ص
650 1 7 _aالثروة
650 1 7 _aالنجاح الشخصي
942 _2ddc
_cBK
999 _c8186
_d8186